| 000 | 00545 a2200145 4500 | ||
|---|---|---|---|
| 003 | Nust | ||
| 005 | 20221229170919.0 | ||
| 040 | _cNust | ||
| 082 | _a621.395,WAR | ||
| 245 |
_aWrap VHDL development system _buser,s guide / |
||
| 260 |
_aNewYork _bCypress _c1996 |
||
| 300 | _a385 pages | ||
| 505 | _aInstallation (Page-1), Overview (Page-15), Tutorials (Page-21), Galaxy (Page-169), SpDE (Page-195), Nova (Page-249), Schematic Eatery (Page-281), Simulation (Page-297), Synthesis (Page-311), Device Programming (Page-367). | ||
| 942 |
_2ddc _cBK |
||
| 999 |
_c194276 _d194276 |
||